000 00292nam a22001337a 4500
008 170508b xxu||||| |||| 00| 0 eng d
020 _a9781931442060
041 _aeng
080 _26TH
_a343.9
100 _a15
101 _aSHJ
245 _aCRIMINAL JUSTICE
_cREID, S.T
942 _2udc
_cBK
999 _c12904
_d12904